Diseno de un sistema de riego por goteo para melon

Furkejuvvon:
Bibliográfalaš dieđut
Váldodahkki: Mainieri Hidalgo, Osvaldo
Materiálatiipa: Girji
Almmustuhtton: San José, C.R. 2000
Fáttát:
Fáddágilkorat: Lasit fáddágilkoriid
Eai fáddágilkorat, Lasit vuosttaš fáddágilkora!

MARC

LEADER 00000nam a2200000Ia 4500
003 008707
005 20221231144203.0
008 140114s2000 cr a m 000 ||s d
040 |c cru CEDI 
090 |a TFG 4297 
100 |a Mainieri Hidalgo, Osvaldo  |9 7821 
245 |a Diseno de un sistema de riego por goteo para melon 
260 |c 2000  |a  San José, C.R. 
300 |a  x, 71, [65] hojas : ilustraciones + 2 planos en bolsillo  
500 |a  Tesis (licenciatura en ingeniería agrícola)--Universidad de Costa Rica. Facultad de Ingeniería. Escuela de Ingeniería Agrícola 
650 |x  DISEÑO   |x RIEGO POR GOTEO  |x  INVESTIGACIONES   |x MELONES  |9 7822 
942 |c TFG 
999 |c 18141  |d 18141